Name The Yankee Player - Statistics

General Stats
  • This quiz has been taken 49 times
  • The average score is 11 of 15
Answer Stats
Picture Answer % Correct
Babe Ruth
100%
Derek Jeter
98%
Alex Rodriguez
95%
Aaron Judge
88%
Lou Gehrig
88%
Mariano Rivera
88%
Mickey Mantle
86%
Yogi Berra
83%
Joe DiMaggio
79%
Jorge Posada
60%
Masahiro Tanaka
57%
Andy Pettitte
52%
Mark Teixeira
50%
Robinson Cano
40%
Dellin Betances
31%
No matching quizzes found
Score Distribution
Percent of People with Each Score
Percentile by Number Answered
Your Score History
You have not taken this quiz